00846nam a22002295i 4500001000700000003000900007005001700016008004100033040002000074080002100094100003600115245004100151250001200192260006000204300002700264490002700291596002400318830003500342852009800377999001900475952012200494155668ES-MaACL20250716062624.0970724s1872 fr |||| | fre d aCLM bspa cCLM a821.133.1-31"18"1 aHugo, Victor,d1802-188596462713aL' année terrible / cVictor Hugo. a6ª ed. aParís : bMichel Lévy Frères, éditeurs, c1872. a[8], 427 p. ; c22 cm.1 aOeuvres de Victor Hugo2 aMarca tip. en port.0 aOeuvres de Victor Hugo9221588 aES-MaACLjE-13074 z.- Legado M de la Fuente z-- Enc. hol. x-- Edic.: El imp. es "J. Claye" c155668d155668 001040708LIBXIXaATENEOMbATENEOMcDEPO2d2008-01-17l0oE-13074p1162833r2023-02-23 00:00:00w2023-02-23yMONANT